000 00209nam a22000857a 4500
008 160713b xxu||||| |||| 00| 0 eng d
100 _92725
_aKidz Om
245 _a365 Fairy Tales
260 _aNew Delhi
_bOm Kidz
_c2012
999 _c2370
_d2370